| 000 | 00489nam a2200145Ia 4500 | ||
|---|---|---|---|
| 008 | 151213s9999 xx 000 0 und d | ||
| 020 | _a0-57207-137-5 | ||
| 100 | _aFrancis E. Kafemek and Paf Pigg | ||
| 245 |
_aEnriching Our Lives : Poetry Lessons for Adult Literary Teachers and Tutors _cFrancis E. Kafemek and Paf Pigg |
||
| 260 |
_aU S A _bInternational Reading Association _c1995 |
||
| 300 | _a6505 p. | ||
| 650 | _aEnglish | ||
| 700 | _aFrancis E. Kafemek and Paf Pigg | ||
| 999 |
_c3595 _d3595 |
||